Фазовый и элементный состав композиционных поверхностных слоев, сформированных в аустенитной нержавеющей стали с различной микроструктурой методом ионно-плазменной обработки; Перспективы развития фундаментальных наук; Т. 1 : Физика

Bibliografiske detaljer
Parent link:Перспективы развития фундаментальных наук=Prospects of Fundamental Sciences Development: сборник научных трудов XVII Международной конференции студентов, аспирантов и молодых ученых, г. Томск, 21-24 апреля 2020 г./ Национальный исследовательский Томский политехнический университет (ТПУ) ; под ред. И. А. Курзиной, Г. А. Вороновой.— , 2020
Т. 1 : Физика.— 2020.— [С. 82-84]
Hovedforfatter: Загибалова Е. А.
Institution som forfatter: Национальный исследовательский Томский политехнический университет
Andre forfattere: Москвина В. А. (научный руководитель), Астафурова Е. Г. Елена Геннадьевна
Summary:Заглавие с экрана
In given work, we studied the phase and elemental compositions of the surface layers in stable austenitic stainless steel treated by ion-plasma hardening in a mixture of gases N[2]+C[2]H[2]+Ar. The effect of a deformation-induced microstructure, which was formed before ion-plasma treatment, on the characteristics of the hardened layers in the steel specimens was experimentally studied.
Sprog:russisk
Udgivet: 2020
Fag:
Online adgang:http://earchive.tpu.ru/handle/11683/62578
Format: MixedMaterials Electronisk Book Chapter
KOHA link:https://koha.lib.tpu.ru/cgi-bin/koha/opac-detail.pl?biblionumber=631516

MARC

LEADER 00000naa2a2200000 4500
001 631516
005 20231102024534.0
035 |a (RuTPU)RU\TPU\conf\33217 
035 |a RU\TPU\conf\33214 
090 |a 631516 
100 |a 20200907d2020 k y0rusy50 ca 
101 0 |a rus  |d eng 
102 |a RU 
105 |a y z 100zy 
135 |a drcn ---uucaa 
181 0 |a i  
182 0 |a b 
200 1 |a Фазовый и элементный состав композиционных поверхностных слоев, сформированных в аустенитной нержавеющей стали с различной микроструктурой методом ионно-плазменной обработки  |d Phase and elemental compositions of composite surface layers producedby ion-plasma treatmentin austenitic stainless steel with various microstructures  |f Е. А. Загибалова, В. А. Москвина  |g науч. рук. Е. Г. Астафурова, В. А. Москвина 
203 |a Текст  |c электронный 
230 |a 1 компьютерный файл (pdf; 288 Kb) 
300 |a Заглавие с экрана 
320 |a [Библиогр.: с. 84 (1 назв.)] 
330 |a In given work, we studied the phase and elemental compositions of the surface layers in stable austenitic stainless steel treated by ion-plasma hardening in a mixture of gases N[2]+C[2]H[2]+Ar. The effect of a deformation-induced microstructure, which was formed before ion-plasma treatment, on the characteristics of the hardened layers in the steel specimens was experimentally studied. 
338 |b Правительство РФ  |d СП-14.2019.1 
461 1 |0 (RuTPU)RU\TPU\conf\32968  |t Перспективы развития фундаментальных наук  |l Prospects of Fundamental Sciences Development  |o сборник научных трудов XVII Международной конференции студентов, аспирантов и молодых ученых, г. Томск, 21-24 апреля 2020 г.  |o в 7 т.  |f Национальный исследовательский Томский политехнический университет (ТПУ) ; под ред. И. А. Курзиной, Г. А. Вороновой  |d 2020 
463 1 |0 (RuTPU)RU\TPU\conf\32969  |t Т. 1 : Физика  |v [С. 82-84]  |d 2020 
510 1 |a Phase and elemental compositions of composite surface layers producedby ion-plasma treatmentin austenitic stainless steel with various microstructures  |z eng 
610 1 |a электронный ресурс 
610 1 |a труды учёных ТПУ 
610 1 |a фазовый состав 
610 1 |a элементный состав 
610 1 |a поверхностные слои 
610 1 |a аустенитные стали 
610 1 |a нержавеющие стали 
610 1 |a микроструктуры 
610 1 |a ионно-плазменная обработка 
610 1 |a 01Х17Н13М3 
700 1 |a Загибалова  |b Е. А. 
701 1 |a Москвина  |b В. А. 
702 1 |a Астафурова  |b Е. Г.  |c химик  |c младший научный сотрудник Томского политехнического университета, кандидат физико-математических наук  |f 1977-  |g Елена Геннадьевна  |2 stltpush  |4 727 
702 1 |a Москвина  |b В. А.  |4 727 
712 0 2 |a Национальный исследовательский Томский политехнический университет  |c (2009- )  |2 stltpush  |3 (RuTPU)RU\TPU\col\15902  |9 26305 
801 2 |a RU  |b 63413507  |c 20200923  |g RCR 
856 4 |u http://earchive.tpu.ru/handle/11683/62578 
942 |c BK